Metodología de la historia /

Guardado en:
Autor Principal: Verniers, L.
Formato: Libro
Publicado: Buenos Aires : Losada, 1958
Edición:2a. ed.
Series:Cuadernos de Trabajo
Materias:
Etiquetas: Agregar Etiqueta
Sin Etiquetas, Sea el primero en etiquetar este registro!
LEADER 00523nam a22001935a 4500
001 CEM.cems006538
005 20060214000000.0
008 130507s1958##################000#0#####d
003 CEMS
082 0 4 |a 372.83 
100 1 |a Verniers, L. 
245 1 0 |a Metodología de la historia / 
250 |a 2a. ed. 
260 |a Buenos Aires :  |b Losada,  |c 1958 
300 |a 96 p. 
490 0 |a Cuadernos de Trabajo 
653 |a Didactica de la historia 
653 |a Educacion 
859 |a CEMS  |b BIB. CEMS - 11 de abril  |h 372.83  |i V597a2  |p 3720.75  |t Ej.1